Państwa UEFA Euro 2020 - nagła śmierć - Statystyki

Ogólne statystyki
  • Ten quiz został rozwiązany 117 razy
  • Średni wynik to 14 z 24
Answers on the Grid
Answers color-coded by a green-red scale on the quiz's grid according to % correct below.
Andora
Anglia
Austria
Belgia
Białoruś
Bośnia i Hercegowina
Bułgaria
Chrowacja
Cypr
Czarnogóra
Czechy
Dania
Estonia
Finlandia
Francja
Grecja
Hiszpania
Holandia
Irlandia
Islandia
Kosowo
Litwa
Łotwa
Luksemburg
Macedonia Północna
Mołdawia
Niemcy
Norwegia
Polska
Portugalia
Rosja
Rumunia
San Marino
Serbia
Słowacja
Słowenia
Szkocja
Szwajcaria
Szwecja
Turcja
Ukraina
Walia
Watykan
Węgry
Włochy
 
Statystyki odpowiedzi
Odpowiedź % Poprawnych
Anglia
95%
Belgia
88%
Francja
86%
Chrowacja
81%
Dania
77%
Hiszpania
75%
Austria
73%
Holandia
71%
Polska
71%
Czechy
66%
Niemcy
64%
Portugalia
64%
Włochy
55%
Finlandia
45%
Rosja
44%
Węgry
42%
Szwajcaria
41%
Słowacja
40%
Szwecja
40%
Ukraina
40%
Walia
37%
Macedonia Północna
32%
Szkocja
30%
Turcja
30%
Nie znaleziono quizów pasujących do podanych kryteriów
Rozkład punktacji
Procent ludzi z każdym wynikiem
Percentyl według liczby udzielonych odpowiedzi
Twoja historia wyników
Nie rozwiązałeś tego quizu